AFL Coaches and Players Association Award Winners - Statistics

General Stats
  • This quiz has been taken 26 times
    3 since last reset
  • The average score is 61 of 87
Answer Stats
Year Team AFLCA Best Young Player % Correct
2006 Sydney Adam Goodes
100%
2022 Fremantle Andrew Brayshaw
100%
2001 Adelaide Andrew McLeod
100%
2005 Sydney Barry Hall
100%
2005 West Coast Ben Cousins
100%
2021 Fremantle Caleb Serong
100%
2020 Fremantle Caleb Serong
100%
2003 West Coast Chris Judd
100%
2017 Melbourne Clayton Oliver
100%
2010 Collingwood Dane Swan
100%
2010 Collingwood Dane Swan
100%
2017 Richmond Dustin Martin
100%
2012 Essendon Dyson Heppell
100%
2011 Essendon Dyson Heppell
100%
2021 Sydney Errol Gulden
100%
2009 Geelong Gary Ablett
100%
1993 Geelong Gary Ablett
100%
2024 West Coast Harley Reid
100%
2024 North Melbourne Harry Sheezel
100%
2023 North Melbourne Harry Sheezel
100%
2016 Sydney Isaac Heeney
100%
2015 Sydney Isaac Heeney
100%
2013 GWS Jeremy Cameron
100%
2012 GWS Jeremy Cameron
100%
2016 Sydney Josh Kennedy
100%
2020 Brisbane Lachie Neale
100%
2020 Brisbane Lachie Neale
100%
2015 Western Bulldogs Marcus Bontempelli
100%
2018 Melbourne Max Gawn
100%
2003 Brisbane Michael Voss
100%
Murphy Reid
100%
2003 Collingwood Nathan Buckley
100%
2011 Fremantle Nathan Fyfe
100%
2023 Collingwood Nick Daicos
100%
2021 Gold Coast Noah Anderson
100%
2019 Carlton Patrick Cripps
100%
2016 Geelong Patrick Dangerfield
100%
1997 St Kilda Robert Harvey
100%
2020 Carlton Sam Walsh
100%
2007 Collingwood Scott Pendlebury
100%
2013 Collingwood Scott Pendlebury
100%
Shaun Mannagh
100%
2018 Collingwood Steele Sidebottom
100%
2018 Hawthorn Tom Mitchell
100%
2018 Geelong Tom Stewart
100%
2022 Gold Coast Touk Miller
100%
1998 North Melbourne Wayne Carey
100%
Will Ashcroft
100%
2023 Port Adelaide Zak Butters
100%
2005 Western Bulldogs Adam Cooney
50%
2017 Essendon Andrew McGrath
50%
2000 Carlton Anthony Koutoufides
50%
2009 Hawthorn Cyril Rioli
50%
2015 Sydney Dan Hannebery
50%
2001 West Coast Daniel Kerr
50%
2009 Brisbane Daniel Rich
50%
1994 Carlton Greg Williams
50%
2021 Western Bulldogs Jack Macrae
50%
2022 Hawthorn Jai Newcombe
50%
1992 Hawthorn Jason Dunstall
50%
2008 Geelong Joel Selwood
50%
2007 Geelong Joel Selwood
50%
2011 Carlton Marc Murphy
50%
2006 Carlton Marc Murphy
50%
2004 St Kilda Nick Riewoldt
50%
1998 Port Adelaide Nick Stevens
50%
2014 Port Adelaide Robbie Gray
50%
1999 Hawthorn Shane Crawford
50%
2010 Fremantle Stephen Hill
50%
2019 Geelong Tim Kelly
50%
2012 Richmond Trent Cotchin
50%
2004 Port Adelaide Warren Tredrea
50%
2004 Melbourne Aaron Davey
0%
2005 Richmond Brett Deledio
0%
2016 Sydney Callum Mills
0%
1996 North Melbourne Corey McKernan
0%
2004 North Melbourne Daniel Wells
0%
2003 North Melbourne Daniel Wells
0%
2014 Gold Coast Jaeger O'Meara
0%
2013 Gold Coast Jaeger O'Meara
0%
1991 Melbourne Jim Stynes
0%
2002 Western Bulldogs Luke Darcy
0%
2010 Fremantle Michael Barlow
0%
2000 Fremantle Paul Hasleby
0%
2008 Fremantle Rhys Palmer
0%
2006 Western Bulldogs Ryan Griffen
0%
2006 Adelaide Simon Goodwin
0%
No matching quizzes found
Score Distribution
Percent of People with Each Score
Percentile by Number Answered
Your Score History
You have not taken this quiz since the last reset